000 00820nam a22002177a 4500
999 _c5015
_d5015
003 AR-CdUCM
008 190311b ||||| |||| 00| 0 spa d
040 _aMUNICIPALIDAD PROVINCIAL DEL CUSCO
_cBIBLIOTECA MUNICIPAL DEL CUSCO
082 _a869.56 /
_bA14
100 _aAbril, Xavier
_912957
245 _aCesar Vallejo o la teoría poética /
260 _aMadrid :
_bTaurus,
_c1962.
300 _a166 páginas ;
_bFotografías,
_c20 cm.
500 _aDonación familia Luis Nieto
505 _aContenido: Vallejo y Mallarmé -- Las fuentes literarias de los datos eternos -- La idea del "doble" en Vallejo -- La huella de la poesía francesa en la obra de vallejo...
650 _aPoesía peruana
_9806
650 _aFrancia
_91444
650 _aInfluencia literaria
_915335
942 _2ddc
_cLIBROS
945 _adavv